| 000 | 01029nam a2200241 a 4500 | ||
|---|---|---|---|
| 001 | 39470 | ||
| 003 | BD-RjUL | ||
| 005 | 20211209053010.0 | ||
| 008 | 160411s2013 bg a|||| |||| 00| 0 ben d | ||
| 020 |
_a9789849065913 _c: TK. 500.00 |
||
| 035 | _a(BD-RjUL)39583 | ||
| 040 |
_aBD-RjUL _bben _cBD-RjUL |
||
| 041 | _aben | ||
| 082 |
_223 _a791.43095492 _bMAC 2013 |
||
| 100 |
_aমাসুদ, তারেক _9119193 |
||
| 245 | 1 | 0 |
_aচলচ্চিত্রলেখা : _bচিত্রনাট্য ও গান / _cতারেক মাসুদ ; সম্পাদক ক্যাথরিন মাসুদ |
| 260 |
_aঢাকা : _bপ্রথমা প্রকাশনা, _c২০১৩ |
||
| 300 |
_a৩১২ পৃ. : _bচিত্র ; _c২২ সেমি. |
||
| 650 |
_aচলচ্চিত্র _9121637 _zবাংলাদেশ |
||
| 650 |
_aMotion Picture _9121638 _zBangladesh |
||
| 700 |
_aমাসুদ, ক্যাথরিন, সম্পাদক _9121639 |
||
| 942 |
_2ddc _cBK _01 |
||
| 999 |
_c39470 _d39470 |
||